Formació de formadors : manual del formador manual del formador
Publicado:
Barcelona :
Diputació de Barcelona. Àrea de Presidència. Direcció de Serveis de Formació ,
2009
Descripción Física:
43 p. : quadres ; 29 cm
MARC
| LEADER | 00000nam a2200000Ia 4500 | ||
|---|---|---|---|
| 001 | 22237 | ||
| 008 | 160829s2009 xx 000 0 cat d | ||
| 080 | |a FU-2-6 | ||
| 245 | |a Formació de formadors : |b manual del formador | ||
| 260 | |a Barcelona : |b Diputació de Barcelona. Àrea de Presidència. Direcció de Serveis de Formació, |c 2009 | ||
| 300 | |a 43 p. : |b quadres ; |c 29 cm | ||
| 650 | |a Personal |x Formació |x Manuals, guies, etc. |9 22182 | ||
| 710 | |a Barcelona (Catalunya : Província). |b Direcció de Serveis de Formació |9 51343 | ||
| 901 | |a Arxiu | ||
| 942 | |n 1 | ||
| 952 | |0 0 |1 0 |4 0 |6 FU26 |7 1 |9 52885 |a Arxiu |b Arxiu |d 2016-12-01 |l 0 |o FU-2-6 |p 22237 |r 2016-12-01 00:00:00 |w 2016-12-01 |y ARXIU | ||
| 999 | |c 56734 |d 56734 | ||